000 00282nam a22001337a 4500
008 171215b xxu||||| |||| 00| 0 eng d
020 _a9781609782177
041 _aeng
080 _a37
100 _a46
101 _aEDU
245 _aNEW GMAT PREMIER
_cKAPLAN
942 _2udc
_cBK
999 _c39049
_d39049